00536nam a2200205Ia 4500003000400000005001700004008004100021020001500062040001600077082002500093100003000118245005300148260004700201300001900248650000900267650001400276650001000290650001000300700002000310GCL20240530100333.0140319s9999 xx 000 0 eng d a0713635908 aGCL / cGCL04a910.202/bCC/W E2211 aWilliams , Vectoria Seton10a: EGYPT bBLUE GUIDE/cWilliams , Vectoria Seton alondon : bA AND C BLACK LIMITED ، c1993 a762 P ;c16 cm04aMAPS04aHISTOLOGY04aEGYPT04aCAIRO1 aSTOCKS , PETER